Grille de mots #07 - Statistiques

Statistiques générales
  • Ce quiz a été pris 266 fois
  • Le résultat moyen est 69 sur 88
Statistiques - réponses
Place de la lettre Réponses % Correct
1 E E
98%
1 J E
97%
1 A P
97%
1 B I
96%
1 I U
96%
1 G I
95%
1 F N
95%
1 C Q
95%
1 H Q
95%
1 D U
95%
2 G S
94%
2 J F
91%
2 I R
91%
2 H U
91%
2 E A
89%
9 C A
88%
10 C I
88%
3 E U
88%
8 C M
87%
9 H P
85%
2 D S
85%
9 J C
84%
9 I I
84%
2 A A
83%
2 C U
81%
2 B M
80%
8 H E
79%
3 H I
79%
10 H I
79%
3 G S
77%
4 G U
77%
4 F A
76%
8 J A
76%
5 A E
76%
6 H E
76%
7 A E
76%
10 J E
76%
3 F R
76%
3 A S
76%
7 B S
76%
4 H T
76%
3 J E
75%
8 D E
75%
3 C I
75%
3 I D
74%
5 B L
74%
4 B O
74%
10 B O
74%
3 B P
74%
8 I R
74%
9 F R
74%
10 A S
74%
4 C T
74%
5 H T
74%
10 D T
74%
5 D A
73%
5 F D
73%
9 E E
73%
7 G I
73%
8 F I
73%
9 B L
73%
9 A P
73%
4 A S
73%
10 I S
73%
8 G T
73%
4 I U
73%
5 C U
73%
6 I A
72%
10 F A
72%
6 B I
72%
9 D N
72%
4 D S
72%
6 C S
72%
6 A T
72%
7 E A
71%
7 I B
71%
8 E D
71%
6 G G
71%
7 F L
71%
8 A M
71%
4 J N
71%
5 E R
71%
7 D S
71%
6 J I
70%
6 E U
70%
10 G V
70%
5 J D
69%
6 D S
69%
Aucun quiz correspondant
Distribution des résultats
% des personnes avec chaque résultat
Percentile par nombre de réponses
Votre historique - résultats
Vous n’avez pas pris ce quiz